000 00466nam a22001817a 4500
003 MPLRDC
005 20220104194312.0
008 210129b ||||| |||| 00| 0 eng d
020 _a978-957-32-7365-36
082 _a857.9 SGD-17 v.2
100 _a上官鼎
245 _a王道剑 (贰)
_c
250 _a初版二刷
260 _a台湾
_b远流出版事业股份有限公司
_c2014
300 _b
650 _a武侠小说
942 _cBK
_o857.9 SGD-17 v.2
999 _c65616
_d65606